O čom to je? Fotoforum Ružomberok má 25 rokov

Bibliographic Details
Main Author: Hák, Vladimír, 1946-2005 (Author)
Format: Article
Language:Slovak
Subjects:

MARC

LEADER 00000nab a2200000 a 4500
001 vtls000469122
003 SK-MaSNL
005 20260304023623.0
008 120926c1992 xo 0 slo
015 |a SNBRB19rr/mm-uuuuu 
035 |a CL0469255 
040 |a SNKBUCL  |b slo  |c SNKBUCL  |e AACR2 
041 0 |a slo 
044 |a xo  |c SK 
080 |a 77.04:061.4  |2 1981 
080 |a 069.5  |2 1981 
080 |a 069.6.02  |2 1981 
100 1 |a Hák, Vladimír,  |d 1946-2005  |4 aut  |9 195430 
245 1 0 |a O čom to je?  |b Fotoforum Ružomberok má 25 rokov  |c Vlado Hák 
300 |b Obr. 5. 
610 2 7 |a Liptovské múzeum  |2 snkbucl  |9 33044 
650 0 7 |a Fotofórum 1992, Ružomberok (salón umeleckej fotografie medzinár.)  |2 snkbucl  |9 1239875 
655 7 |a články z novín a časopisov  |2 snkbucl  |9 267496 
773 0 |t Denný Telegraf  |g Roč. 1, č. 26 (31. 10. 1992), s. 9 
850 |a Slovenská národná knižnica v Martine  |a MTA001 
852 |a SNK  |b KIS3GCP 
958 |a RK 
992 |a RBX 
999 |c 2617455  |d 2619385